Studies on thermal-oxidative degradation behaviours of raw natural rubber: PRI and thermogravimetry analysis (Record no. 69748)

MARC details
000 -LEADER
fixed length control field 01471nam a2200169Ia 4500
100 ## - MAIN ENTRY--AUTHOR NAME
Personal name Galiani Danielle P
245 #0 - TITLE STATEMENT
Title Studies on thermal-oxidative degradation behaviours of raw natural rubber: PRI and thermogravimetry analysis
260 ## - PUBLICATION, DISTRIBUTION, ETC. (IMPRINT)
Name of publisher Plastics,Rubber and Composites
Year of publication 2013
300 ## - PHYSICAL DESCRIPTION
Number of Pages 334-339
520 ## - SUMMARY, ETC.
Summary, etc Thermal-oxidative degradation behaviours of raw natural rubber(NR) have been investigated by using thermogravimetry analysis in inert and oxidative atmospheres and the plasticity retention index(PRI). The activation energy Ea,was calculated using Horowitz-Metzger and Coats-Redfern methods and compared PRI. the Ea values obtained by each method were ingood agreement with each other.The june samples arre the least stable rubbers among the studied ones, whereas February samples exhibited the highest values of activation energy, therefore in agreement with the PRI behaviour, which indicates that the thermo-oxidative degradation reaction. Natural rubber is a product of biiological origin, and thus these variations in the values of thermal behaviour and PRI might be related to the genetic differences and alterations of climatic conditions that act directly on the synthesis of non-rubber constituents, which are generally reflected in latex and rubber properties.
650 ## - SUBJECT ADDED ENTRY--TOPICAL TERM
Topical Term Degradation
650 ## - SUBJECT ADDED ENTRY--TOPICAL TERM
Topical Term Natural rubber
650 ## - SUBJECT ADDED ENTRY--TOPICAL TERM
Topical Term PRI
650 ## - SUBJECT ADDED ENTRY--TOPICAL TERM
Topical Term Thermogravimetry analysis
942 ## - ADDED ENTRY ELEMENTS (KOHA)
Koha item type Journals
Holdings
Withdrawn status Lost status Damaged status Not for loan Home library Current library Date acquired Serial Enumeration / chronology Koha item type
      Journals RRII Library RRII Library 10/12/2014 Volume 42, Issue 8 Journals